| 000 | 00601nam a2200169 i 4500 | ||
|---|---|---|---|
| 001 | bg | ||
| 100 | 1 | _aBŁAHUT, Karol J. | |
| 245 | 0 |
_aMiędzynarodowa współpraca naukowo-techniczna : _bproblemy tworzenia fazy informacyjnej / _cKarol J. Błahut. |
|
| 260 |
_aWrocław, _c1980. |
||
| 490 | 1 |
_aPrace Naukowe Instytutu Nauk Społecznych Politechniki Wrocławskiej ; _v23 |
|
| 830 | _aPrace Naukowe Instytutu Nauk Społecznych Politechniki Wrocławskiej ; | ||
| 040 | _cBPK | ||
| 041 | _apol | ||
| 080 | _a311:[62:001.83:339.92](438-100) | ||
| 942 | _cKS | ||
| 008 | s pl f |000 0 pol | ||
| 999 |
_c19643 _d19643 |
||
| 856 |
_uhttp://koha.tu.koszalin.pl/cgi-bin/koha/opac-detail.pl?biblionumber=19643 _yKatalog online BPK |
||